00697nam a2200193Ia 450000500170000000800410001702000140005804000700007204100080014210000250015024500730017526000660024830000390031465000230035365000160037665000470039265000330043965000310047220211110133559.0130821s1996 xxua gr eng  a205178669 aCo-BoUCMbspacLuz Cupitra (modificó)dLuz Cupitra (modificó)00aeng1 aSilberman, Melvin L.10aActive learning 101 strategies to teach any subjectcMel Silberman. aBoston (Massachusetts, Estados Unidos)bAllyn and Baconc1996 axvii, 189 páginasbilustraciones04aAprendizaje activo04aAprendizaje04aProgramas de actividades en la educación04aPsicología del aprendizaje04aTeoría de la educación